000 02154nam a2200193 i 4500
001 172571
003 ES-MaACL
005 20230929062540.0
008 090721s1886 sp |||| | spa d
080 _a821.134.2
080 _a811.134.2
110 2 _aReal Academia Española
_96336
245 1 0 _aMemorias de la Real Academia Española,
_f1886 /
_cReal Academia Española.
260 _aMadrid :
_b[s.n.],
_c1886 (
_fImp. Manuel Tello)
300 _a1 v. ;
_c24 cm.
505 8 _aContiene: T. V: Necrología de Tomás de Corral y Oña / Tomás Rodríguez Rubi (28 p.). Antonio Ferrer del Río / Juan Eugenio Hartzenbusch (p. 30-43). Comunicación dirigida en acción de gracias a la Real Academia Española / Julio Calcaño (p. 44-52). Carta en bable al Presidente de la Real Academia Española / Apolinar Rato de Argüelles (p. 53-76). Oración fúnebre en las honras de Miguel de Cervantes pronunciada el 29 de abril de 1869 / Cayetano Fernández (p. 77-106). Sobre el Quijote y sobre las diferentes maneras de comentarle y juzgarle / Juan Valera (p. 107-160). Necrología de D. Frutos Saavedra Meneses / Manuel Cañete (p. 161-178). Estudio acerca de las relaciones que enlazan los fenómenos naturales con la ciencia del lenguaje / Frutos Saavedra Meneses (p. 179-217). Memoria relativa al monumento mural dedicado a Fray Lope Félix de Vega Carpio por la Real Academia Española (p. 218-282). Oración fúnebre en las honras de Miguel de Cervantes pronunciada el 24 de abril de 1876 / Servando Arbolí (p. 283-313). Discurso leído el 1 de marzo de 1874 / José de Selgas y Carrasco (p. 314-329). Contestación / Cándido Nocedal (p. 330-349). Autoridad de la Academia Española en materia de lenguaje / León Gakindo y de Vera (p. 650-380). Contestación / Fermín de la Puente Apezechea (p. 381-432). Del estilo y de los conceptos de nuestros filósofos contemporáneos / Vicente Barrantes (p. 433-486). Contestación / Cándido Nocedal (p. 487-503). Discurso leído el 30 de abril de 1876 / Agustín Pascual (p. 504- 621). Contestación / Francisco de Paula Canalejas (p. 622-647).
852 _aES-MaACL
_jK-163
999 _c172571
_d172571